01042nam a22002775a 450000500170000000800410001702000180005804000280007608200190010424500870012326000350021030000470024549000470029250000240033950400410036365000410040465000350044565100100048065300230049065500240051370000320053770000330056994200190060299900170062195201260063820151020141125.0151020t2011 nyua frb 001 0 eng d a9781461428954 aEG-ScBUEbengcEG-ScBUE04a615.6bCON22200aControlled pulmonary drug delivery /ceditors Hugh D. C. Smyth, Anthony J. Hickey. aNew York :bSpringer,cc.2011. axiii, 557 p. :bill. (some col.) ;c24 cm.0 aAdvance in delivery science and technology aIndex : p. 545-557. aIncludes bibliographical references. 7aDrug delivery systems.2BUEsh936090 0aPulmonary pharmacology.2BUEsh 2BUEsh bPPhrmcOctober2015 vReading book9342321 aSmyth, Hugh D. C.,eeditor.1 aHickey, Anthony J.,eeditor. 2ddck615.6 CON c20943d20915 00102ddc40708BaccahaMAINbMAINc1STd2015-10-20ePurchaseg1680.00l0o615.6 CONp000031030r2025-07-15 00:00:00yBB